000
00327 a2200109 4500
001
ART_18427
005
20260410161702.0
008
260409a
245
1
0
_a
Honorarios deducibles en el Impuesto a las Ganancias
100
1
_a
Januszewski, Karina
773
0
_t
Revista Impuestos
_g
- NÂș 4 (abr. 2012)
_w
REV639
999
_c
15232
_d
15232